| 000 | 00820nam a22002051i 4500 | ||
|---|---|---|---|
| 003 | IT-RoINE | ||
| 005 | 20160712044905.0 | ||
| 008 | 900725m19691973sp r 0 spa d | ||
| 040 |
_aSpMaBN _bspa _cIT-RoINE |
||
| 111 | 2 |
_911755 _aCongreso de historia de la Corona de Aragón _n(8º. _d1967. _cValencia, España) |
|
| 245 | 1 | 0 | _aVIII Congreso de Historia de la Corona de Aragón. |
| 260 | 1 |
_aValencia : _b[s.n.], _c1969-1973. |
|
| 300 |
_a v. : _blám., cuadr. pleg. ; _c25 cm. |
||
| 336 |
_2rdacontent _atext |
||
| 337 |
_2rdamedia _aunmediated |
||
| 338 |
_2rdacarrier _avolume |
||
| 505 | 1 | _aI: Comisiones, circulares, discursos y crónica -- II (v. 1-3): La Corona de Aragón en el siglo XIV -- III (v. 1-2): La Corona de Aragón en el siglo XVI. | |
| 651 | 4 |
_aAragón (Reino) _xHistoria _vCongresos _99696 |
|
| 942 | _cMTS | ||
| 999 |
_c5524 _d5524 |
||